<?xml version="1.0" encoding="UTF-8"?>
<record
    xmlns:xsi="http://www.w3.org/2001/XMLSchema-instance"
    xsi:schemaLocation="http://www.loc.gov/MARC21/slim http://www.loc.gov/standards/marcxml/schema/MARC21slim.xsd"
    xmlns="http://www.loc.gov/MARC21/slim">

  <leader>00865nam a2200193Ia 4500</leader>
  <controlfield tag="003">IN-BaIIA</controlfield>
  <controlfield tag="008">211028s9999    xx            000 0 eng d</controlfield>
  <datafield tag="040" ind1=" " ind2=" ">
    <subfield code="c">IIA Library</subfield>
  </datafield>
  <datafield tag="080" ind1=" " ind2=" ">
    <subfield code="a">539.1(082.1)</subfield>
    <subfield code="b">THE</subfield>
  </datafield>
  <datafield tag="111" ind1=" " ind2=" ">
    <subfield code="a">International conference on photonic, electronic and atomic collisions</subfield>
    <subfield code="n">5th</subfield>
    <subfield code="c">Russia</subfield>
    <subfield code="d">1967 July 17-23&#xA0;</subfield>
    <subfield code="9">5576</subfield>
  </datafield>
  <datafield tag="245" ind1=" " ind2="4">
    <subfield code="a">The physics of electronic and atomic collisions</subfield>
    <subfield code="b">fifth International conference on photonic, electronic and atomic collisions, Leningrad, Russia,&#xA0;July 17-23,&#xA0;1967</subfield>
    <subfield code="c">edited by Lewis M. Branscomb                                   </subfield>
  </datafield>
  <datafield tag="260" ind1=" " ind2=" ">
    <subfield code="a">Leningrad</subfield>
    <subfield code="b">V. I. C. P. E. A. C</subfield>
    <subfield code="c">1967</subfield>
  </datafield>
  <datafield tag="300" ind1=" " ind2=" ">
    <subfield code="a">xvi, 200p.</subfield>
  </datafield>
  <datafield tag="650" ind1=" " ind2=" ">
    <subfield code="a">Astronomy and astrophysics thesaurus</subfield>
  </datafield>
  <datafield tag="650" ind1=" " ind2=" ">
    <subfield code="a">Atomic collisions</subfield>
    <subfield code="9">1546</subfield>
  </datafield>
  <datafield tag="700" ind1=" " ind2=" ">
    <subfield code="a">Branscomb, Lewis M., ed.</subfield>
    <subfield code="9">5577</subfield>
  </datafield>
  <datafield tag="710" ind1=" " ind2=" ">
    <subfield code="a">Joint Institute for Laboratory Astrophysics</subfield>
    <subfield code="9">5578</subfield>
  </datafield>
  <datafield tag="942" ind1=" " ind2=" ">
    <subfield code="c">BK</subfield>
  </datafield>
  <datafield tag="999" ind1=" " ind2=" ">
    <subfield code="c">3143</subfield>
    <subfield code="d">3143</subfield>
  </datafield>
  <datafield tag="952" ind1=" " ind2=" ">
    <subfield code="0">0</subfield>
    <subfield code="1">0</subfield>
    <subfield code="4">0</subfield>
    <subfield code="7">0</subfield>
    <subfield code="a">BAN</subfield>
    <subfield code="b">BAN</subfield>
    <subfield code="c">GEN</subfield>
    <subfield code="d">1968-12-06</subfield>
    <subfield code="g">49.50</subfield>
    <subfield code="l">0</subfield>
    <subfield code="o">539.1(082.1)/ THE</subfield>
    <subfield code="p">3495</subfield>
    <subfield code="r">2021-11-05</subfield>
    <subfield code="v">49.50</subfield>
    <subfield code="w">1968-12-06</subfield>
    <subfield code="y">BK</subfield>
    <subfield code="G">Rs. 49.50</subfield>
  </datafield>
</record>
